Una Política catalanista i altres escrits / Jaume Bofill i Mates ; edició a cura de Montserrat Baras
Descripción Física:
XXVI, 169 p. ; 20 cm
Otros Autores:
Baras i Gómez, Montserrat
MARC
| LEADER | 00000nam a2200000Ia 4500 | ||
|---|---|---|---|
| 001 | |||
| 008 | 160829s1986 xx 000 0 cat d | ||
| 080 | |a M-2-237 | ||
| 100 | |a Bofill i Mates, Jaume |9 26461 | ||
| 245 | |a Una Política catalanista i altres escrits / Jaume Bofill i Mates ; edició a cura de Montserrat Baras | ||
| 260 | |a Barcelona : |b La Magrana : |b Diputació de Barcelona, |c 1986 | ||
| 300 | |a XXVI, 169 p. ; |c 20 cm | ||
| 490 | |a Biblioteca dels clàssics del nacionalisme català ; 15 | ||
| 650 | 0 | |a Politica |z Catalunya |9 11005 | |
| 650 | 0 | |a Nacionalisme |z Catalunya |9 11008 | |
| 700 | 1 | |a Baras i Gómez, Montserrat |9 44783 | |
| 901 | |a Arxiu | ||
| 942 | |n 1 | ||
| 952 | |0 0 |1 0 |4 0 |6 M2237 |7 1 |9 45600 |a Arxiu |b Arxiu |d 2016-12-01 |l 0 |o M-2-237 |r 2016-12-01 00:00:00 |w 2016-12-01 |y ARXIU | ||
| 999 | |c 49091 |d 49091 | ||